Gin librruga ojarragai : jardín de niños.

Kaydedildi:
Detaylı Bibliyografya
Yazar: Azcuaga Silva, Clara Luz (autor)
Diğer Yazarlar: Holguin de la Cruz, Zulema (autor) (autor)
Materyal Türü: Kitap
Konular:
Etiketler: Etiketle
Etiket eklenmemiş, İlk siz ekleyin!

MARC

LEADER 00000nam^a2200000^u^4500
001 000499703
005 20250521000000.0
008 071101s1000^^^^^^^^^^^^r^^^^^000^0^spa^d
009 20260310125725.321
035 |a FCE 000043755 
037 |a Acervo ITESO - Biblioteca 
041 |a tepe 
082 0 4 |a 372.21  |b SEPgin 
100 |a Azcuaga Silva, Clara Luz  |e (autor) 
245 1 0 |a Gin librruga ojarragai :  |b jardín de niños. 
264 |a México :  |b SEP : DGEI,  |c 1992. 
300 |a 64 p.,  |b il., byn 
336 |a texto  |b txt  |2 rdacontenido 
337 |a sin mediación  |b n  |2 rdamedio 
338 |a volumen  |b nc  |2 rdasoporte 
649 |a XX 
650 |a Medio rural 
650 |a Libros de texto 
650 |a Lenguas indígenas 
650 |a Educación preescolar 
650 |a Tepehuano (Idioma) 
650 |a México 
700 |a Holguin de la Cruz, Zulema  |e (autor) 
910 |a Fondo Centro de Estudios Educativos 
920 |a Impresos - Libros 
930 |a Fondos Especiales 
905 |a 133 
901 |a ALE051031  |b IT2  |c CEE  |u 20250521 
902 |a https://opac.biblio.iteso.mx/vufind/Record/000499703